01344cam a22003614a 4500999001700000001000900017003000400026005001700030008004100047010001700088020002800105020003100133020001800164035002300182035002000205040004400225042000800269050002300277082001500300100004200315245008600357250001200443260004500455300003300500504006400533650003500597650003700632700002600669856008300695906004500778942003500823952012400858 c17711d1771114320139OSt20161129092124.0060329s2007 ilua b 001 0 eng  a 2006010634 a0736064672 (hard cover) a9780736064675 (hard cover) a9780736064675 a(OCoLC)ocm65521511 a(OCoLC)65521511 aDLCcDLCdYDXdBAKERdBTCTAdYDXCPdDLC apcc00aGV706.4b.W38 200700a796.012221 aWeinberg, Robert S.q(Robert Stephen)10aFoundations of sport and exercise psychology /cRobert S. Weinberg, Daniel Gould. a4th ed. aChampaign, IL :bHuman Kinetics,cc2007. axv, 607 p. :bill. ;c29 cm. aIncludes bibliographical references (p. 571-598) and index. 0aSportsxPsychological aspects. 0aExercisexPsychological aspects.1 aGould, Daniel,d1952-413Table of contents onlyuhttp://www.loc.gov/catdir/toc/ecip0611/2006010634.html a7bcbccorignewd1eecipf20gy-gencatlg 2lcccBOOKShGV 706.4 .W38 2006 00102lcc4070aMUCbMUCcGENd2016-11-29eDonation (BFA)l0oGV 706.4 .W38 2006p28635r2016-11-29w2016-11-29yBOOKS